000 01790cam a22004694i 4500
003 PE-LiUPU
005 20250731165552.0
008 150625s r 000 0 d
035 _a(Sirsi) a34644
035 _a(Sirsi) a34644
040 _aPE-LiUPU
_bspa
_cPE-LiUPU
_erda
082 0 4 _a609
_bH
_221
100 1 _aStarobinski, Jean,
_eautor.
245 1 0 _aHistoria de la Medicina.
_n6 /
_cJean Starobinski.
264 1 _a
336 _atext
_2rdacontent
337 _aunmediated
_2rdamedia
338 _avolume
_2rdacarrier
526 _aSEG44
526 _aSEG26
526 _aP151
526 _aP150
526 _aP149
526 _aP146
526 _aP145
526 _aP126
526 _aP125
526 _aP92
526 _aP75
526 _aP74
526 _aP27
526 _aP15
942 _2ddc
_cBOOK
949 _aRC 609 H 6
_wDEWEY
_c1
_i18857
_lRC
_mBUL
_r0
_sY
_tBOOK
_u2015-6-25
_xBIBLIOTECA
_zUNKNOWN
_0COMPRA
_o.CIRCNOTE. No olvidar cambiar la fecha de devolución!!!!!!!
_o.STAFF. Colección General
949 _aRC 609 H 6
_wDEWEY
_c2
_i14710
_lRC
_mBUL
_r0
_sY
_tBOOK
_u2015-6-25
_xBIBLIOTECA
_zUNKNOWN
_0COMPRA
_o.CIRCNOTE. No olvidar cambiar la fecha de devolución!!!!!!!
_o.STAFF. Colección General
994 _aC0
_bPEPRU
596 _a1
999 _aRC 609 H 6
_wDEWEY
_c42523
_i18857
_d42523
_f2021-11-8
_g7
_lRCG
_mBUL
_q1
_r1
_sN
_tBOOK
_u2015-6-25
_xBIBLIOTECA
_zUNKNOWN
_0COMPRA
_o.CIRCNOTE. No olvidar cambiar la fecha de devolución!!!!!!!
_o.STAFF. Colección General
999 _aRC 609 H 6
_wDEWEY
_c2
_i14710
_f2021-11-8
_g7
_lRCG
_mBUL
_r1
_sN
_tBOOK
_u2015-6-25
_xBIBLIOTECA
_zUNKNOWN
_0COMPRA
_o.CIRCNOTE. No olvidar cambiar la fecha de devolución!!!!!!!
_o.STAFF. Colección General
980 _81
_gALBERTO SANCHEZ Responsable de Automatización